Les pays frontaliers de l'Allemagne à travers l'Histoire - Statistiques

Statistiques générales
  • Ce quiz a été pris 41 003 fois
  • Le résultat moyen est 22 sur 27
Réponses sur la Carte
Les réponses sont colorées sur une échelle allant du rouge au vert en fonction du pourcentage des utilisateurs qui les ont devinées à leur premier essai. Vous pouvez retrouver ces pourcentages ci-dessous.
 
Statistiques - réponses
Pays % Correct
France
100%
Belgique
99%
Italie
99%
Suisse
99%
Autriche
98%
Autriche-Hongrie
98%
Pays-Bas
98%
Pologne
98%
Russie
98%
Danemark
97%
Suède
96%
Espagne
95%
Luxembourg
95%
Finlande
93%
Union soviétique
91%
République tchèque
90%
Roumanie
86%
Hongrie
84%
Bulgarie
77%
Yougoslavie
77%
Lituanie
73%
Tchécoslovaquie
70%
Liechtenstein
60%
Andorre
42%
Bassin de la Sarre
17%
Sarre
17%
Dantzig
13%
Aucun quiz correspondant
Distribution des résultats
% des personnes avec chaque résultat
Percentile par nombre de réponses
Votre historique - résultats
Vous n’avez pas pris ce quiz